000 00918nam a2200301 i 4500
003 EG-GICUC
005 20260212192426.0
008 260212s1958 fr ||||fr|||| 000 0 fre d
020 _a
040 _aEG-GiCUC
_bfre
_cEG-GiCUC
_dEG-GiCUC
_eRda
082 0 4 _221
_a341.1
_bRE . D
092 0 4 _221
099 _aLaw1 11 341.1 RE . D 1958
100 1 _aReuter, Paul
_eAuteur
245 1 0 _aDroit International Public /
_b
_cPaul Reuter.
_n
264 3 _aParis :
_bPresses Universitaires De France,
_c1958.
300 _a437page :
_billustration ;
_c 24 cm.
336 _2rda contenu
_a texte
337 _2rda medias
_aOrdinateur
338 _2 transporteur rda
_a Ressource en ligne
504 _a
546 _aTexte en français
650 1 4 _aDroit international public
_2
651 1 _2
856 4 0 _uhttps://fll.law.cu.edu.eg/fulltext/bks/B11-07456.pdf
905 _a50
942 _2ddc
_cBK
_e21
_n0
999 _c62964
_d62964